1321 1540 1627 1830 1326 1556 1558 1640 1739 1014 1021 1145 1543 1898 1347 1120 1328 1571 1060 1150 1265 1244 1317 1364 1433 1224 1581 1013 1422 1489 1592 1437 1270 1877 1408 1717 1735 1497 1845 1106 1241 1733 1700 1946 1657 1891 1044 1170 1335 1645 1074 1418 1322 1860 1777 1444 1297 1840 1924 1117 1220 1830 1335 1579 1046 1414 1585 1930 1747 1073 1756 1541 1695 1048 1165 1198 1173 1650 1027 1179 1452 1195 1425 1944 1914 1695 1534 1722 1616 1846 1936 1166 1071 1618 1045 1173 1390 1534 1493 BCNSPRNW ULIB Ver.6.0+V

เปลี่ยนเป็นภาษาไทย

Change to English
 แสดงรายละเอียดบรรณานุกรม
  กลับหน้าหลัก

Brief Record : Get Marc (ISO 2709) : E-mail record : QR code < ปิดหน้าต่าง
LEADER : 00000nam 2200000uu 4500
001    13399113137
003     ULIB
008    110927s2548||||th 000 0 tha d
020    9789742986667
050 04 Q158.5^bP111 2548
245 00 พฤกษศาสตร์ =^bEssential atlas of botany /^cปริศนา สิริอาชา,แปล
246 31 Essential Atlas of Botany
260    กรุงเทพฯ :^bชมรมเด็ก,^c2548
300    96 หน้า :^bภาพประกอบ, ตาราง
504    บรรณานุกรม: หน้า 96
650  7 พฤกษศาสตร์
700 00 ปริศนา สิริอาชา,^eผู้แปล
945    ^p300^l0^i026583
995    ทศพร
999 ^a ทศพร
รายการนี้ยังไม่มีแท็ก
คุณยังไม่ได้ล็อกอิน คุณสามารถมีกิจกรรมร่วมกับเว็บไซต์ได้ แต่ต้องล็อกอินก่อน ::
  ล็อกอิน

รายการสื่อสารสนเทศ

ลำดับที่ ประเภท เลขเรียก/บาร์โค้ด สถานที่ สถานะ
- ไม่พบข้อมูล -

รายการใกล้เคียง
    หัวเรื่อง [พฤกษศาสตร์]

BibComment


ยังไม่เคยถูกคอมเมนท์

คอมเมนท์ทรัพยากรรายการนี้
  คอมเมนท์: พฤกษศาสตร์ Essen..


 Copyright 2026. Bcnsprnw @Library